[Event "Montilla"]
[Site "Montilla"]
[Date "1976.??.??"]
[Round "1"]
[White "Bellon Lopez, Juan Manuel"]
[Black "Fraguela Gil, Jose Miguel"]
[Result "1-0"]
[WhiteElo "2475"]
[BlackElo "2380"]
[Annotator "Byrne,R y Mednis"]
[PlyCount "71"]
[EventDate "1976.08.??"]

{Inf 22/105} 1. d4 c5 2. d5 e5 3. Nc3 d6 4. e4 Nf6 5. f4 $1 {N} exf4 6. Bxf4
Be7 7. Nf3 O-O 8. Be2 $14 Re8 9. O-O Nbd7 $6 (9... Bg4 $1) 10. Nd2 Nf8 11. a4
Ng6 12. Bg3 Bf8 13. Ra3 $16 {()} Ne5 14. h3 Rb8 15. Nc4 $1 Nfd7 (15... Nxc4 16.
Bxc4 Nxe4 17. Nxe4 Rxe4 18. Qf3 Re7 19. Qf4 Rc7 20. Bh4 f6 21. Rg3 $40) 16. Ne3
$1 g6 17. Qe1 a6 18. Qf2 Bh6 19. Ncd1 Qc7 $2 (19... Qe7 $16) 20. Ng4 Bg7 21.
Qf4 b5 22. axb5 axb5 23. Bh4 c4 24. Nh6+ Bxh6 25. Qxh6 b4 26. Rg3 {[/\ Ne3-f5]}
f6 27. Bxf6 $18 Nxf6 28. Rxf6 Qe7 29. Rf4 Bd7 30. Ne3 Rbc8 $138 31. Ng4 $6 (31.
Nf5 $1 Bxf5 32. exf5 Nf7 33. Rxg6+ $3 hxg6 34. Qxg6+ Kf8 35. f6 $18) 31... Bxg4
32. Bxg4 Nxg4 $2 (32... Rc7 $1 $16) 33. Rfxg4 $18 Qe5 34. Rxg6+ $1 hxg6 35.
Rxg6+ Kf7 36. Qh7+ 1-0

[Event "Montilla"]
[Site "Montilla"]
[Date "1976.08.16"]
[Round "1"]
[White "Kavalek, Lubomir"]
[Black "Byrne, Robert"]
[Result "1/2-1/2"]
[WhiteElo "2540"]
[BlackElo "2540"]
[PlyCount "28"]
[EventDate "1976.08.??"]

1. d4 Nf6 2. c4 e6 3. Nc3 Bb4 4. Bg5 h6 5. Bh4 c5 6. d5 d6 7. f3 exd5 8. cxd5
O-O 9. e4 Re8 10. Bb5 Nbd7 11. Nge2 a6 12. Ba4 b5 13. Bc2 Ne5 14. O-O Bd7
1/2-1/2

[Event "Montilla"]
[Site "Montilla"]
[Date "1976.??.??"]
[Round "2"]
[White "Byrne, Robert"]
[Black "Pomar Salamanca, Arturo"]
[Result "1-0"]
[WhiteElo "2540"]
[BlackElo "2430"]
[Annotator "Byrne,R"]
[PlyCount "81"]
[EventDate "1976.08.??"]

{Inf 22/653} 1. c4 Nf6 2. Nc3 e6 3. d4 Bb4 4. Nf3 O-O $6 (4... c5) (4... b6) 5.
Bg5 $1 h6 (5... c5 6. Rc1 h6 7. Bh4 g5 8. Bg3 Ne4 9. e3 f5 10. Bd3 cxd4 11.
Nxd4 Nxg3 12. hxg3 $16) 6. Bh4 d6 7. e3 Nbd7 8. Be2 e5 9. O-O Bxc3 10. bxc3 Re8
11. Nd2 $1 $14 Nf8 $6 (11... b6 $5 {/\ Bb7}) 12. Ne4 N8h7 13. f3 $1 $16 Bf5 (
13... Be6 $5) 14. Nxf6+ Nxf6 15. e4 Bh7 16. c5 $1 dxc5 (16... d5 $6 17. f4 $1
exf4 18. e5 g5 19. exf6 gxh4 20. Rxf4 $18) 17. dxc5 Qe7 18. Qb3 Qxc5+ $2 (18...
b6 19. Bf2 $16) 19. Bf2 Qe7 20. Qxb7 Nh5 $5 21. g3 Rab8 $5 22. Qxa7 Rb2 23. Bc4
Qf6 24. Be3 Nf4 25. Qxc7 $1 (25. gxf4 $4 Qg6+ $19) 25... Reb8 (25... Nh3+ 26.
Kh1 Nf2+ 27. Rxf2 Rxf2 28. Qxf7+ $1 $18) 26. Qxf7+ $1 Qxf7 27. Bxf7+ Kxf7 28.
gxf4 $18 Re2 29. Rfe1 Rc2 30. Rab1 $1 Rxb1 31. Rxb1 Rxc3 32. Rb7+ Kg8 33. Kf2
Rc2+ 34. Kg3 Rxa2 (34... exf4+ 35. Bxf4 Rxa2 36. Be5 $18) 35. fxe5 Ra3 36. e6
$1 Bg6 (36... Bxe4 37. Rb8+ Kh7 38. fxe4 Rxe3+ 39. Kf4) 37. Bd4 Bh5 38. Rxg7+
Kf8 39. Rf7+ $1 Kg8 (39... Bxf7 40. Bc5+ Kg7 41. exf7) 40. Rf5 Bg6 41. Rf6 (41.
Rf6 Kh7 (41... Bxe4 42. e7) 42. e7 Ra8 43. Rf8 Re8 44. f4 $1 Bh5 45. f5 $22)
1-0

[Event "Montilla"]
[Site "Montilla"]
[Date "1976.??.??"]
[Round "2"]
[White "Karpov, Anatoly"]
[Black "Bellon Lopez, Juan Manuel"]
[Result "1-0"]
[WhiteElo "2695"]
[BlackElo "2475"]
[Annotator "Byrne,R y Mednis"]
[PlyCount "113"]
[EventDate "1976.08.??"]

{Inf 22/292} 1. e4 e5 2. Nf3 Nc6 3. Bb5 f5 4. Nc3 Nd4 5. Ba4 Nf6 6. exf5 Bc5 7.
d3 $5 (7. Nxe5 O-O 8. O-O d5 9. Ne2 Qd6 $1 $13) 7... c6 $2 (7... O-O $14) 8.
O-O d5 9. Nxe5 O-O 10. Ne2 $16 Qa5 (10... Qc7) 11. Bb3 Qc7 12. Nxd4 Qxe5 (12...
Bxd4 13. Nf3 Ng4 14. g3 $1 Bb6 15. Nh4 $16) 13. Ne2 $1 Qxf5 14. Ng3 Qg6 15. d4
Bd6 16. c3 Ng4 17. f4 Qh6 18. h3 Qh4 $2 (18... Nf6 $16) 19. Qe1 $6 (19. Ne4 $1
$18) 19... Nh6 20. Ne4 Qxe1 21. Rxe1 Bc7 (21... Bxf4 22. Bxf4 Rxf4 23. Nd6 $16)
22. Ng5 (22. Bd2 $1) 22... Nf5 23. Nf3 Nd6 24. g4 g6 25. Ne5 Kg7 26. Bc2 Nf7
27. Kg2 (27. Be3 $1) 27... Nd8 28. Rf1 (28. Be3 $1) 28... c5 $5 29. dxc5 Ne6
30. Nd3 b6 31. cxb6 axb6 32. f5 Nc5 33. Be3 Ba6 34. Rad1 (34. Nxc5 $1 Bxf1+ 35.
Rxf1 bxc5 36. Bxc5 $18) 34... gxf5 35. Rxf5 Rxf5 36. gxf5 Bxd3 37. Bxd3 Rxa2
38. Kf3 Rxb2 39. Bd4+ Kf8 40. Be2 $1 Ne4 $6 (40... Ra2 $5) 41. Ra1 $1 Ke7 42.
Ra7 Kd6 43. h4 $1 {[/\ f6+-]} Bd8 44. Rxh7 Bf6 45. Ke3 $1 $18 Bxd4+ (45... Nxc3
46. Bxf6 Rxe2+ 47. Kd3) 46. cxd4 b5 47. h5 Rb1 48. h6 Rh1 49. Bxb5 $1 Rh3+ 50.
Kf4 Rh4+ 51. Kf3 Ng5+ 52. Kg3 Rh3+ (52... Rxd4 53. Rg7 Ne4+ 54. Kg2 Rd2+ 55.
Kg1 Rd1+ 56. Bf1 Nd2 57. h7) 53. Kg4 Nxh7 54. Kxh3 Ke7 55. Bc6 Ng5+ 56. Kg4 Ne4
57. Bxd5 (57. Bxd5 Nf6+ 58. Kg5 Nxd5 59. h7) 1-0

[Event "Montilla"]
[Site "Montilla"]
[Date "1976.??.??"]
[Round "4"]
[White "Byrne, Robert"]
[Black "Calvo Minguez, Ricardo"]
[Result "0-1"]
[WhiteElo "2540"]
[BlackElo "2435"]
[Annotator "Marjanovic"]
[PlyCount "74"]
[EventDate "1976.08.??"]

{Inf 22/471} 1. e4 c5 2. Nf3 d6 3. d4 cxd4 4. Qxd4 a6 5. c4 Nc6 6. Qd2 g6 7. b3
$1 Bg7 8. Nc3 Bg4 9. Bb2 Bxf3 10. gxf3 Nd4 11. Bg2 {N} (11. O-O-O $1 {- 20/449}
) 11... e5 12. f4 Ne7 (12... Bh6 13. Nd5 Ne6 14. Qb4 $1 {><b7, d6}) 13. fxe5
dxe5 14. Nd5 O-O 15. O-O (15. Ba3 $5 Nxd5 16. exd5 $142 (16. Bxf8 $2 Bxf8 {
/\ Bb4-+})) 15... Nec6 $13 16. f4 exf4 17. Rxf4 Be5 $1 18. Rg4 (18. Raf1 $5 Qg5
$1) 18... b5 19. c5 Ra7 20. Rg3 (20. Rf1) 20... f5 $1 $17 21. Rf1 fxe4 22. Bxe4
Rxf1+ 23. Kxf1 Qh4 24. Re3 $8 Rf7+ 25. Kg1 Bxh2+ $1 (25... Qxe4 $2 26. Rxe4
Nf3+ 27. Kg2 Nxd2 28. Rxe5 Nxe5 29. Bxe5 {/\ c6}) 26. Qxh2 (26. Kh1 $2 Rf1+ 27.
Kg2 Rg1#) 26... Rf1+ 27. Kxf1 Qxh2 28. Bg2 h5 29. Re4 Qg3 (29... Nf3 $1 {
(/\ Qg1)} 30. Bxf3 (30. Kf2 Nce5 {/\ Qg1-+}) 30... Qxb2 {/\ Qc1-+}) 30. Nf4 (
30. Bxd4 Qd3+) 30... g5 $2 (30... Nf3) 31. Ne2 $1 Nxe2 32. Rxe2 $44 {#D2} Nb4 (
32... Qf4+ 33. Rf2 $1 (33. Kg1 $2 Qf5 $1)) 33. Be5 $1 Qd3 34. Bd6 $2 (34. c6 $1
Nxc6 (34... Qb1+ 35. Re1 Qf5+ 36. Kg1 Nd3 37. Bd5+) 35. Bxc6 $13) 34... Nd5 $1
35. Ke1 Ne3 36. Bb7 Qd1+ 37. Kf2 Ng4+ 0-1

[Event "Montilla"]
[Site "Montilla"]
[Date "1976.??.??"]
[Round "5"]
[White "Fraguela Gil, Jose Miguel"]
[Black "Karpov, Anatoly"]
[Result "0-1"]
[WhiteElo "2380"]
[BlackElo "2695"]
[Annotator "Byrne,R y Mednis"]
[PlyCount "66"]
[EventDate "1976.08.??"]

{Inf 22/100} 1. g3 c5 2. Bg2 g6 3. c4 Bg7 4. Nc3 Nc6 5. e3 Nh6 $1 6. Nge2 Nf5
7. a3 (7. d3 Rb8 8. Rb1 O-O 9. a3 b6 10. b4 Bb7 11. O-O $14) 7... O-O 8. Rb1 a5
$1 9. O-O d6 10. d3 Rb8 11. Bd2 (11. b3 $1 {/\ Bb2+/=}) 11... e6 12. Nf4 Nfe7
$1 $11 13. Qc2 b6 14. Rbd1 Bb7 15. Nb5 Qd7 16. Bc3 Ne5 $1 17. e4 $2 (17. Bxb7
Rxb7 18. Bxe5 $11) 17... d5 $1 $17 18. Rfe1 $6 (18. b4 $5) 18... d4 $1 19. Bd2
Bc6 $1 20. a4 Bb7 $1 21. Bc1 Rbe8 22. Nh3 N5c6 23. f4 e5 24. Rf1 f5 $1 25. fxe5
$6 (25. Qe2 $17) 25... Nxe5 26. exf5 Nxf5 $19 {[><e3]} 27. Nf4 Bh6 28. Nd5 Bxc1
29. Qxc1 Bxd5 $1 30. Bxd5+ Kg7 31. Be4 Ne3 32. Rxf8 Rxf8 33. Re1 Qh3 {
[/\ 34...N5g4, 34...Rf2! 35.Kf2 Qh2]} 0-1

[Event "Montilla"]
[Site "Montilla"]
[Date "1976.??.??"]
[Round "6"]
[White "Kavalek, Lubomir"]
[Black "Calvo Minguez, Ricardo"]
[Result "1-0"]
[WhiteElo "2540"]
[BlackElo "2435"]
[Annotator "Byrne,R y Mednis"]
[PlyCount "47"]
[EventDate "1976.08.??"]

{Inf 22/586} 1. d4 d5 2. c4 e6 3. Nc3 c5 4. e3 Nc6 5. Nf3 Nf6 6. cxd5 exd5 7.
Be2 c4 $5 8. Ne5 Bb4 9. O-O O-O 10. Nxc6 $1 bxc6 11. Qc2 $14 g6 12. Bd2 Bf5 13.
Qa4 Bd6 $2 (13... Qb6 14. b3 cxb3 15. Qxb3 $14) 14. Qxc6 $16 Rb8 15. b3 $1 Rb6
16. Qa4 Bd7 $6 (16... cxb3 17. axb3 Rb8 $16) 17. Qa5 $1 (17. Qxa7 $6 Bc8 $1 18.
Qa4 Ra6 19. Qb5 Ra5 20. Qc6 Ra6 $11) 17... Bb4 $6 (17... cxb3 $5) 18. Qxa7 Bc8
19. bxc4 $1 $18 Ra6 20. Qb8 Qa5 21. cxd5 $1 Bxc3 (21... Bg4 22. Qb5 Bxe2 23.
Qxe2 $18) 22. Bxc3 Qxc3 23. Rac1 Qd2 (23... Bg4 24. Rxc3 Rxb8 25. Bxa6) 24.
Rxc8 1-0

[Event "Montilla"]
[Site "Montilla"]
[Date "1976.??.??"]
[Round "6"]
[White "Pfleger, Helmut"]
[Black "Karpov, Anatoly"]
[Result "0-1"]
[WhiteElo "2545"]
[BlackElo "2695"]
[Annotator "Byrne,R y Mednis"]
[PlyCount "109"]
[EventDate "1976.08.??"]

{Inf 22/80} 1. c4 Nf6 2. Nc3 e6 3. Nf3 c5 4. g3 b6 5. Bg2 Bb7 6. O-O a6 7. b3
d6 8. Bb2 Be7 9. d4 cxd4 10. Nxd4 $6 (10. Qxd4 $14) 10... Bxg2 11. Kxg2 O-O 12.
Qd3 Qc7 13. Qf3 $6 (13. e4 $1 $11) 13... Ra7 14. Rfd1 Rc8 15. Rac1 Qb7 $1 16.
Qxb7 Rxb7 $15 17. f3 Nc6 18. Ba3 Na7 $1 {[/\ b5]} 19. Nc2 d5 $1 20. Bxe7 Rxe7
21. Ne3 Rec7 22. Na4 Rc6 $1 (22... b5 $2 23. Nb6 $1 Rb8 24. cxd5 $1 Rxc1 25.
Rxc1 Rxb6 26. Rc7 $14) 23. Rb1 dxc4 24. bxc4 b5 25. cxb5 Nxb5 26. Kf2 g5 $1 27.
Rb4 Kg7 28. h4 h6 29. Rh1 R8c7 30. hxg5 hxg5 31. Ra1 Rd6 32. Nb2 Nd5 33. Nxd5
Rxd5 34. Rc4 Rxc4 35. Nxc4 Nc3 {[/\ 36...Rd4 37.Ne3 Rd2]} 36. Ke1 Rd4 37. Ne3
Ra4 38. a3 Nb5 39. Nc2 g4 $1 40. fxg4 Rxg4 41. Kf2 f5 42. Kf3 Kf6 43. Rd1 Rc4
44. Ne3 Ra4 45. Nc2 $1 e5 (45... Nxa3 $4 46. Ra1) 46. Kf2 Ke6 47. Rd3 Rc4 48.
Ne3 Rc3 49. g4 $2 (49. a4 $5 Rxd3 50. exd3 $15) 49... f4 50. Rxc3 Nxc3 51. Nc2
e4 $17 52. a4 $4 Nxa4 $19 53. e3 f3 54. Nd4+ Ke5 55. Nc6+ (55. Nc6+ Kf6 56. Nb4
Nc5) 0-1

[Event "Montilla"]
[Site "Montilla"]
[Date "1976.??.??"]
[Round "6"]
[White "Stean, Michael"]
[Black "Diez del Corral Rivas, Jesus Maria"]
[Result "1-0"]
[WhiteElo "2420"]
[BlackElo "2490"]
[Annotator "Stean,M"]
[PlyCount "67"]
[EventDate "1976.08.??"]

{Inf 22/234} 1. e4 e6 2. d4 d5 3. Nd2 Be7 4. Ngf3 Nf6 5. Bd3 b6 6. Qe2 (6. O-O
Ba6 $5) 6... Bb7 7. O-O O-O 8. Re1 Re8 $5 (8... dxe4 9. Nxe4 Nbd7 10. Neg5 $5 {
/\ Ne6}) 9. e5 Nfd7 10. Nf1 c5 11. c3 Nc6 12. Ng3 Rc8 (12... cxd4 13. cxd4 Nb4
14. Bb1 Ba6 15. Qd2 Rc8 16. a3 Nc6 17. b4 $16) 13. a3 cxd4 14. cxd4 Na5 $11 15.
Bf4 Nf8 16. Nh5 $5 Ng6 (16... g6 17. Ng3 {(/\ Nf1-e3-g4)} Bc6 {/\ Ba4-b3-c4=})
17. g3 $18 Bc6 18. h4 Ba4 19. Bg5 Bb3 20. Bxe7 Qxe7 21. Ng5 Bc4 22. Rad1 Rc7 (
22... Bxd3 23. Rxd3 Rc4 24. b3 (24. Qg4 Nc6 {/\ Nce5}) 24... Rc7 25. b4 Nc4 26.
Qg4 $40) 23. Qg4 Rec8 24. Bxg6 $1 $16 fxg6 (24... hxg6 25. Nf4 Bb3 26. h5 $1
Bxd1 27. Rxd1 Rc1 28. Rxc1 Rxc1+ 29. Kg2 $18) 25. Nf4 Bb3 26. Qxe6+ $2 (26. Rd2
Rc1 27. Rxc1 Rxc1+ 28. Kg2 Nc4 29. Rd3 Bc2 $1 30. Rf3 $2 Bf5) (26. Ngxe6 $1
Bxd1 27. Rxd1 Rc1 28. Rxc1 Rxc1+ 29. Kg2 $16 {
/\ 29... Qd7 30. h5! gh5 31. Nh5+-}) 26... Qxe6 27. Ngxe6 Rc2 $2 (27... Rc6 $1
28. Ng5 (28. Rd3 h6 $1 {/\ Kf7-/+}) 28... Bxd1 29. Rxd1 Rc1 30. Rxc1 Rxc1+ 31.
Kg2 Nc6 32. Nxd5 Nxd4 33. e6 $13) 28. Nd3 $16 Nc6 (28... R2c6 29. Rc1 $1 Bc4 (
29... Bc2 30. Nb4 $1) 30. Nef4 Nb3 31. Nb4 $1 $16) 29. Rc1 h6 30. Rxc2 Bxc2 31.
Ndf4 Bf5 32. Rc1 $18 Kh7 (32... Kf7 33. Rxc6) 33. f3 g5 34. hxg5 1-0